| 000 | 00346 a2200109 4500 | ||
|---|---|---|---|
| 001 | ART_43603 | ||
| 005 | 20260410162024.0 | ||
| 008 | 260409a | ||
| 245 | 1 | 0 | _aPerceptions of equity and the distribution of income |
| 100 | 1 | _aRotemberg, Julio | |
| 773 | 0 |
_tJournal of labor economics _g- Vol. 20, NÂș 2/1 (abr. 2002) _wREV43438 |
|
| 999 |
_c33423 _d33423 |
||